El nuevo testamento y salmos /

Kaydedildi:
Detaylı Bibliyografya
Materyal Türü: Kitap
Dil:İspanyolca
Konular:
Etiketler: Etiketle
Etiket eklenmemiş, İlk siz ekleyin!

MARC

LEADER 00000nam^a2200000^a^4500
001 000373052
005 20250526000000.0
009 20260310120028.532
037 |a Acervo Xavier Clavigero 
041 |a ESP 
082 |a 225.  |b NUE 
240 1 1 |a [Biblia. Nuevo Testamento] 
245 0 3 |a El nuevo testamento y salmos / 
264 |a lugar de publicación no identificado :  |b editorial no identificada,  |c fecha no identificada 
300 |a 603 p. ;  |c 13.5 cm. 
336 |a texto  |b txt  |2 rdacontenido 
337 |a sin mediación  |b n  |2 rdamedio 
338 |a volumen  |b nc  |2 rdasoporte 
501 |a Encuadernación particular 
562 |a Falta cubierta 
649 |a XX 
650 |a Salmos 
650 |a Biblia -  |x Nuevo Testamento -  |x Tema Principal 
650 |a Libros Sagrados 
650 |a Cristianismo 
650 |a Religión 
910 |a Fondo General 
920 |a Impresos - Libros 
930 |a Libros Antiguos y Raros 
905 |a 108 
901 |a 0500267505  |b IT2  |c LRA  |u 20250526 
902 |a https://opac.biblio.iteso.mx/vufind/Record/000373052